Coca, land and corruption /
Gardado en:
| Autor Principal: | |
|---|---|
| Formato: | Texto |
| Materias: | |
| Etiquetas: |
Engadir etiqueta
Sen Etiquetas, Sexa o primeiro en etiquetar este rexistro!
|
MARC
| LEADER | 00000 a a2200000 04500 | ||
|---|---|---|---|
| 001 | 4484 | ||
| 003 | |||
| 040 | |||
| 100 | |a Molano Bravo, Alfredo | ||
| 245 | |a Coca, land and corruption / |c Alfredo Molano Bravo | ||
| 650 | |a COCAINA | ||
| 650 | |a POLITICA AGRARIA | ||
| 650 | |a CORRUPCION POLITICA | ||
| 650 | |a TRAFICO DE DROGAS | ||
| 650 | |a GUERRILLEROS | ||
| 650 | |a COLOMBIA | ||
| 773 | |g número 18; páginas 63-76 | ||
| 999 | |c 21834 |d 21834 | ||
